Statystyki dla CO MOŻNA ROBIĆ ZIMĄ

Kliknij tutaj aby rozwiązać quiz!

Ogólne statystyki

  • Ten quiz został rozwiązany 13 razy
  • Średni wynik to 1 z 5

Statystyki odpowiedzi

HintOdpowiedź% Poprawnych
4jeździć na nartach
55%
5jeździć na łyżwach
45%
1bałwana
27%
2rzucać się śnieżkami
18%
3aniołka w śniegu
0%

Rozkład punktacji

Percentyl według liczby udzielonych odpowiedzi

Procent ludzi z każdym wynikiem

Twoja historia wyników

Nie rozwiązałeś tego quizu